04878 2202389 4500001002100000005001500021035002000036008004100056245003000097100002100127250000600148260003400154300003300188020002200221084001400243082000800257650001500265990001200280990001200292990001200304990001200316990001200328990001200340990001200352990001200364990001200376990001200388990001200400990001200412990001200424990001200436990001200448990001200460990001200472990001200484990001200496990001200508990001200520990001200532990001200544990001200556990001200568990001200580990001200592990001200604990001200616990001200628990001200640990001200652990001200664990001200676990001200688990001200700990001200712990001200724990001200736990001200748990001200760990001200772990001200784990001200796990001200808990001200820990001200832990001200844990001200856990001200868990001200880990001200892990001200904990001200916990001200928990001200940990001200952990001200964990001200976990001200988990001201000990001201012990001201024990001201036990001201048990001201060990001201072990001201084990001201096990001201108990001201120990001201132990001201144990001201156990001201168990001201180990001201192990001201204990001201216990001201228990001201240990001201252990001201264990001201276990001201288990001201300990001201312990001201324990001201336990001201348990001201360990001201372990001201384990001201396990001201408990001201420990001201432990001201444990001201456990001201468990001201480990001201492990001201504990001201516990001201528990001201540990001201552990001201564990001201576990001201588990001201600990001201612990001201624990001201636990001201648990001201660990001201672990001201684990001201696990001201708990001201720990001201732990001201744990001201756990001201768990001201780990001201792990001201804990001201816990001201828990001201840990001201852990001201864990001201876990001201888990001201900990001201912990001201924990001201936990001201948990001201960990001201972990001201984990001201996990001202008990001202020990001202032990001202044990001202056990001202068990001202080990001202092990001202104990001202116990001202128990001202140990001202152990001202164990001202176990001202188990001202200990001202212990001202224990001202236990001202248990001202260990001202272990001202284990001202296990001202308990001202320990001202332990001202344990001202356990001202368990001202380990001202392990001202404990001202416990001202428990001202440990001202452990001202464990001202476INLIS00000000000139820240802072743 a0010-0824000004240802 0 ind 1 aFisika /cLia Laela Sarah aSarah, Lia Laela a1 aJakarta :bKemendikbud,c2022 a228 :bilus. ;c17.5 x 25 cm a978-623-472-720-3 a530 LIA f a530 4aBuku Paket a0752851 a0752852 a0752853 a0752854 a0752855 a0752856 a0752857 a0752858 a0752859 a0752860 a0752861 a0752862 a0752863 a0752864 a0752865 a0752866 a0752867 a0752868 a0752869 a0752870 a0752871 a0752872 a0752873 a0752874 a0752875 a0752876 a0752877 a0752878 a0752879 a0752880 a0752881 a0752882 a0752883 a0752884 a0752885 a0752886 a0752887 a0752888 a0752889 a0752890 a0752891 a0752892 a0752893 a0752894 a0752895 a0752896 a0752897 a0752898 a0752899 a0752900 a0752901 a0752902 a0752903 a0752904 a0752905 a0752906 a0752907 a0752908 a0752909 a0752910 a0752911 a0752912 a0752913 a0752914 a0752915 a0752916 a0752917 a0752918 a0752919 a0752920 a0752921 a0752922 a0752923 a0752924 a0752925 a0752926 a0752927 a0752928 a0752929 a0752930 a0752931 a0752932 a0752933 a0752934 a0752935 a0752936 a0752937 a0752938 a0752939 a0752940 a0752941 a0752942 a0752943 a0752944 a0752945 a0752946 a0752947 a0752948 a0752949 a0752950 a0752951 a0752952 a0752953 a0752954 a0752955 a0752956 a0752957 a0752958 a0752959 a0752960 a0752961 a0752962 a0752963 a0752964 a0752965 a0752966 a0752967 a0752968 a0752969 a0752970 a0752971 a0752972 a0752973 a0752974 a0752975 a0752976 a0752977 a0752978 a0752979 a0752980 a0752981 a0752982 a0752983 a0752984 a0752985 a0752986 a0752987 a0752988 a0752989 a0752990 a0752991 a0752992 a0752993 a0752994 a0752995 a0752996 a0752997 a0752998 a0752999 a0753000 a0753001 a0753002 a0753003 a0753004 a0753005 a0753006 a0753007 a0753008 a0753009 a0753010 a0753011 a0753012 a0753013 a0753014 a0753015 a0753016 a0753017 a0753018 a0753019 a0753020 a0753021 a0753022 a0753023 a0753024 a0753025 a0753026 a0753027 a0753028 a0753029 a0753030 a0753031 a0753032 a0753033 a0753034